000 00319nam a22001337a 4500
008 170313b xxu||||| |||| 00| 0 eng d
020 _a9780397515882
041 _aeng
080 _22 ED
_a591
100 _a7
101 _aSHM
245 _aMANUAL CLINICAL PROCEDURES IN TH DOG CAT RABBIT
_cCROW.S.E
942 _2udc
_cBK
999 _c7671
_d7671